Актуальность внедрения ERP-систем на предприятиях; Молодежь и современные информационные технологии; Т. 2
| Parent link: | Молодежь и современные информационные технологии: сборник трудов XII Всероссийской научно-практической конференции студентов, аспирантов и молодых ученых, г. Томск, 12-14 ноября 2014 г./ Национальный исследовательский Томский политехнический университет (ТПУ), Институт кибернетики (ИК) ; ред. кол. Е. А. Сикора [и др.].— , 2014 Т. 2.— 2014.— [С. 128-129] |
|---|---|
| Autore principale: | |
| Ente Autore: | |
| Altri autori: | |
| Riassunto: | Заглавие с титульного экрана |
| Lingua: | russo |
| Pubblicazione: |
2014
|
| Serie: | Информационные технологии в производстве и управлении |
| Soggetti: | |
| Accesso online: | http://earchive.tpu.ru/handle/11683/20260 http://www.lib.tpu.ru/fulltext/c/2014/C04/V2/057.pdf |
| Natura: | Elettronico Capitolo di libro |
| KOHA link: | https://koha.lib.tpu.ru/cgi-bin/koha/opac-detail.pl?biblionumber=610834 |
MARC
| LEADER | 00000naa2a2200000 4500 | ||
|---|---|---|---|
| 001 | 610834 | ||
| 005 | 20231101132628.0 | ||
| 035 | |a (RuTPU)RU\TPU\conf\8467 | ||
| 035 | |a RU\TPU\conf\8463 | ||
| 090 | |a 610834 | ||
| 100 | |a 20150205d2014 k y0rusy50 ca | ||
| 101 | 0 | |a rus | |
| 102 | |a RU | ||
| 105 | |a y z 101zy | ||
| 135 | |a drgn ---uucaa | ||
| 181 | 0 | |a i | |
| 182 | 0 | |a b | |
| 200 | 1 | |a Актуальность внедрения ERP-систем на предприятиях |f А. О. Краюшкина |g науч. рук. О. В. Марухина | |
| 203 | |a Текст |c электронный | ||
| 225 | 1 | |a Информационные технологии в производстве и управлении | |
| 230 | |a 1 компьютерный файл (pdf; 229 Kb) | ||
| 300 | |a Заглавие с титульного экрана | ||
| 320 | |a [Библиогр.: с. 129 (4 назв.)] | ||
| 337 | |a Adobe Reader | ||
| 461 | 1 | |0 (RuTPU)RU\TPU\conf\7802 |t Молодежь и современные информационные технологии |o сборник трудов XII Всероссийской научно-практической конференции студентов, аспирантов и молодых ученых, г. Томск, 12-14 ноября 2014 г. |o в 2 т. |f Национальный исследовательский Томский политехнический университет (ТПУ), Институт кибернетики (ИК) ; ред. кол. Е. А. Сикора [и др.] |d 2014 | |
| 463 | 0 | |0 (RuTPU)RU\TPU\conf\7813 |t Т. 2 |v [С. 128-129] |d 2014 | |
| 610 | 1 | |a труды учёных ТПУ | |
| 610 | 1 | |a электронный ресурс | |
| 610 | 1 | |a актуальность | |
| 610 | 1 | |a внедрение | |
| 610 | 1 | |a ERP-системы | |
| 610 | 1 | |a предприятия | |
| 610 | 1 | |a программные продукты | |
| 610 | 1 | |a информационные системы | |
| 700 | 1 | |a Краюшкина |b А. О. | |
| 702 | 1 | |a Марухина |b О. В. |c специалист в области оценки качества образования |c доцент Томского политехнического университета, кандидат технических наук |f 1974- |g Ольга Владимировна |2 stltpush |4 727 | |
| 712 | 0 | 2 | |a Национальный исследовательский Томский политехнический университет (ТПУ) |b Институт кибернетики (ИК) |b Кафедра оптимизации систем управления (ОСУ) |h 127 |2 stltpush |3 (RuTPU)RU\TPU\col\18702 |
| 801 | 2 | |a RU |b 63413507 |c 20210322 |g RCR | |
| 856 | 4 | |u http://earchive.tpu.ru/handle/11683/20260 | |
| 856 | 4 | |u http://www.lib.tpu.ru/fulltext/c/2014/C04/V2/057.pdf | |
| 942 | |c BK | ||